Introducción a la geoquímica

Na minha lista:
Detalhes bibliográficos
Autor principal: González-Bonorino, Félix (Author)
Formato: Livro
Idioma:espanhol
Publicado em: Washington, D.C Secretaría General de la Organización de los Estados Americanos 1972
Colecção:Serie de Química. Monografía, 8
Assuntos:
Tags: Adicionar Tag
Sem tags, seja o primeiro a adicionar uma tag!

MARC

LEADER 00000nam a2200000 a 4500
001 UCU3583
003 CL-VaPUC
008 960510e19720000US |||||||||||||||||spa|d
082 0 4 |a 551.9  |b GON  |2 21 
100 |a González-Bonorino, Félix  |e author  |9 360605 
245 1 0 |a Introducción a la geoquímica 
300 |a 140 p 
942 |c BK 
945 |d 19960510 00:00:00  |a cmena 
260 |a Washington, D.C  |b Secretaría General de la Organización de los Estados Americanos  |c 1972 
650 7 |a GEOQUIMICA  |2 CL-VaPUC  |9 306863 
650 0 |a Química física  |9 260596 
650 7 |a ROCAS IGNEAS  |2 CL-VaPUC  |9 357477 
650 7 |a ROCAS SEDIMENTARIAS  |2 CL-VaPUC  |9 261673 
650 7 |a ROCAS METAMORFICAS  |2 CL-VaPUC  |9 262681 
650 0 |a Hidrología  |9 261396 
650 0 |a Geología   |9 260984 
583 |a last modification  |c 20150713 14:25:16  |k Rodrigo Vera 
490 0 |a Serie de Química. Monografía, 8 
999 |c 247537  |d 247535 
952 |0 0  |1 0  |4 0  |6 551_900000000000000_GON_1972  |7 0  |8 A  |9 263522  |a BIBCUR  |b BIBCUR  |d 2019-11-19  |i 1760254  |o 551.9 GON 1972  |p 1760254  |r 2025-04-22  |w 2019-11-19  |y BK  |k BCB